| 000 | 00560cam a22002291 4500 | ||
|---|---|---|---|
| 001 | sa 64001116 | ||
| 003 | DLC | ||
| 005 | 20260227112000.0 | ||
| 008 | 890620s1963 ii a 000 0 hino | ||
| 010 | _asa 64001116 | ||
| 035 | _a(OCoLC)19898400 | ||
| 040 |
_aDLC _cWaU _dDLC |
||
| 042 | _apremarc | ||
| 050 | 0 | 0 |
_aPK2057 _b.S35 |
| 100 | 1 |
_aSaxena, Gopal Das, _d1926- |
|
| 245 | 1 | 0 | _aVijaya ghosha. |
| 260 | _c[1963] | ||
| 300 |
_a96 p. _billus. _c22 cm. |
||
| 500 | _aIn Hindi. | ||
| 650 | 0 | _aHindi poetry. | |
| 700 | 1 | _aCaturvedī, Bhagavataśaraṇa. | |
| 999 |
_c56580 _d56580 |
||